PORTFOLIO VYUŽITELNÝCH METOD A TECHNIK PRO DIAGNOSTIKOVÁNÍ PODNIKU A JEHO OKOLÍ

Bibliographic Details
Main Author: Nytra, Igor (Author)
Format: Article
Language:Czech
ISBN:8071008087

MARC

LEADER 00000naa a2200000uu 4500
001 vtls010948745
003 SK-MaSNL
005 20260302125259.0
008 220810|2001 xo |||||||||||||||||cze|
015 |a SNBRA 
035 |a (urnnbn)urn:nbn:sk:snk:ar-a0bhwd 
035 |a (uuid)87b6b019-8b78-4563-9fd3-c71500048745 
035 |a urn:nbn:sk:snk-aau9zh 
040 |a SNKBUCL  |b slo  |c SNKBUCL  |e AACR2 
041 0 |a cze 
044 |a xo  |c SK 
100 1 |a Nytra, Igor  |4 aut  |9 789480 
245 1 0 |a PORTFOLIO VYUŽITELNÝCH METOD A TECHNIK PRO DIAGNOSTIKOVÁNÍ PODNIKU A JEHO OKOLÍ  |c Igor Nytra 
773 0 |t Nástroje diagnostiky vonkajšieho a vnútorného prostredia podniku  |d V Žiline : Žilinská univerzita, 2001  |g S. 15-21  |z 8071008087 
954 |a odborná, vedecká literatúra cudzojazyčná (svetová)  |2 lita 
958 |a OND 
958 |a article11 
958 |a chapter 
999 |c 1292770  |d 1294700